[Event "CAN-ch op"]
[Site "Sackville"]
[Date "2001.07.08"]
[Round "2"]
[White "Livingstone, James"]
[Black "Carayanniotis, George"]
[Result "1-0"]
[WhiteElo "1609"]
[BlackElo "1459"]
[PlyCount "45"]
[EventDate "2001.07.??"]
[EventType "swiss"]
[EventRounds "10"]
[EventCountry "CAN"]
[SourceTitle "EXT 2006"]
[Source "ChessBase"]
[SourceDate "2005.11.24"]
[SourceVersion "1"]
[SourceVersionDate "2005.11.24"]
[SourceQuality "1"]

1. d4 Nf6 2. Nf3 g6 3. Nc3 d5 4. Bf4 Bg7 5. e3 c6 6. Be2 0-0 7. Ne5 Nbd7 8. h4 Qb6 9. Rb1 c5 10. h5 h6 11. hxg6 cxd4 12. gxf7+ Kh7 13. Bd3+ Ne4 14. Nxd5 Qa5+ 15. Nc3 Nxe5 16. Bxe4+ Ng6 17. Bxg6+ Kxg6 18. exd4 Rxf7 19. Qd3+ Bf5 20. Qg3+ Kh7 21. Rc1 Rd8 22. Bc7 Qc5 23. dxc5 1-0